000 00745nam a22002537a 4500
001 9342
003 FISKH
005 20251211121414.0
008 251211b cb ||||| |||| 00| 0 eng d
020 _a9780618481415
040 _aFISKH
_beng
_cFISKH
_dFISKH
082 _a792.8
100 _aDoyle, Alice
245 _aMaria tallchief /
_cby Alice Doyle
260 _aBoston :
_bHoughton Mifflin,
_c2005
300 _a8 pages :
_bcolor illustrations ;
_c21 cm
505 _aE
520 _aA brief biography for primary grades of the great Native American ballerina.
521 8 _a200
_bLexile estimate
521 8 _aK
_bRaz-Plus
650 _aBiographies
_vNon-fiction
_xWomen's history
942 _2ddc
_cBK
_n0
999 _c9342
_d9342